000 00618nam a2200181Ia 4500
008 090123s9999 xx 000 0 und d
082 _b41423
100 _aजोसेफ तुस्कानो
245 _aवामनाचे पाचवे पाऊल
250 _a1
260 _bअनघा प्रकाशन
_c2007
300 _a152
600 _aजोसेफ तुस्कानो
630 _aवामनाचे पाचवे पाऊल
700 _aजोसेफ तुस्कानो
730 _aवामनाचे पाचवे पाऊल
942 _cBOOK
999 _c79498
_d79498